00805nam a2200229 a 450000100100000000500170001000800410002702000150006804000250008308200180010810000250012624500930015126000400024430000200028458600260030465000260033065000280035670000430038404900090042795201220043699900170055800001883820200929165850.0100519s1993 cu r 000 p spa d a9591001452 aDO-SdBNPbspacBNPHU a861.44bD559c1 aDiego, Eliseo92127510aEn la calzada de Jesús del Monte /cEliseo Diego ; edición Rosa María Hernández. aLa Habana :bLetras Cubanas,c1993. a96 p. ;c19 cm. aPremi Juan Rulfo 1993 4aPoesía cubana95226 4aLiteratura cubana914831 aHernández, Rosa María,eed.940594 aBNGR 001054708MOaGRbGRcCTd2010-05-19iLF1l0o861.44 D559cp18838-10r2020-06-25w2020-06-25y4ZPréstamo en sala c18358d18358